Manual de desinfección de aguas de riego usando fotocatalizadores activados por luz solar e inmovilizados en revestimientos de canales: Proyecto FIA-PI-C-2005-1-A-155

Uloženo v:
Podrobná bibliografie
Hlavní autoři: Hoz M., Felipe de la (Autor), Rivera S., Diego (Autor)
Další autoři: Arumí R., José Luis (autor)
Médium: Kniha
Jazyk:španělština
Vydáno: Concepción Universidad de Concepción 2009
Vydání:1a. ed
Témata:
Tagy: Přidat tag
Žádné tagy, Buďte první, kdo vytvoří štítek k tomuto záznamu!

MARC

LEADER 00000nam a2200000 a 4500
001 UCH9823
003 CL-VaPUC
008 100121e20090100CL |||||||||||||||||spa|d
020 |a 9789562273237 
082 0 4 |a 628.162  |b HOZ  |2 21 
100 0 |a Hoz M., Felipe de la  |e author  |9 547137 
700 |a Arumí R., José Luis  |e autor  |9 547138 
700 0 |a Rivera S., Diego  |e author  |9 547139 
245 1 0 |a Manual de desinfección de aguas de riego usando fotocatalizadores activados por luz solar e inmovilizados en revestimientos de canales: Proyecto FIA-PI-C-2005-1-A-155 
250 |a 1a. ed 
300 |a 41 p 
942 |c BK 
945 |d 20100121 00:00:00  |a dcastane 
260 |a Concepción  |b Universidad de Concepción  |c 2009 
500 |a Incluye CD 
650 7 |a DESINFECCION DEL AGUA  |2 CL-VaPUC  |9 434144 
650 0 |a Tratamiento de aguas  |9 262792 
650 7 |a FOTOCATALIZADORES  |2 CL-VaPUC  |9 547140 
650 0 |a Luz solar   |9 543359 
650 0 |a Agua de riego  |9 260487 
650 7 |a CANALES DE REGADIO  |2 CL-VaPUC  |9 547141 
583 |a last modification  |c 20180530 10:23:30  |k Rodrigo Vera 
999 |c 339710  |d 339708 
952 |0 0  |1 0  |4 0  |6 628_162000000000000_HOZ_2009  |7 0  |8 A  |9 433508  |a BIBAGR  |b BIBAGR  |d 2019-11-22  |i 4636066  |o 628.162 HOZ 2009  |p 4636066  |r 2024-01-30  |w 2019-11-22  |y BK  |k AGR